[Event "TCh-ISL Div 1 2010-11"]
[Site "Reykjavik ISL"]
[Date "2010.10.09"]
[Round "2.2"]
[White "Karason,A"]
[Black "Olafsson,H1"]
[Result "1-0"]
[WhiteElo "2244"]
[BlackElo "2527"]

1.d4 Nf6 2.c4 e6 3.Nc3 Bb4 4.Nf3 b6 5.Bg5 Bb7 6.Nd2 h6 7.Bh4 c5 8.dxc5 Bxc5
9.e3 Be7 10.Be2 O-O 11.O-O d6 12.Bf3 Nc6 13.Qa4 Rc8 14.Rfd1 Nd7 15.Bxe7 Qxe7
16.Nde4 Nce5 17.Be2 Bxe4 18.Nxe4 Nc5 19.Nxc5 bxc5 20.Rd2 Rb8 21.Rad1 Rb6
22.Qa3 Rfb8 23.Qc3 Qc7 24.f4 Nd7 25.Bf3 Nf6 26.Qa5 Qe7 27.Qc3 Kf8 28.b3 Ra6
29.Qb2 Qc7 30.Qc3 Ke7 31.g3 Rg8 32.Rf1 Qa5 33.Qb2 Qc7 34.Qc3 Rb6 35.Qa5 g5
36.Rfd1 Qb8 37.Bg2 gxf4 38.exf4 h5 39.Qc3 Qc7 40.Re2 Rbb8 41.Rde1 h4 42.Bd5 Qd7
43.f5 hxg3 44.fxe6 gxh2+ 45.Kh1 Rg1+ 46.Rxg1 hxg1=Q+ 47.Kxg1 Rg8+ 48.Kf1 fxe6
49.Rxe6+ Qxe6 50.Bxe6 Kxe6 51.Qe3+ Kd7 52.Qf3 Ke6 53.Qb7 Rf8 54.Qxa7 Rf7
55.Qa8 Ke5 56.Ke2 Kd4 57.Qh8 Kc3 58.Qh3+ Kb2 59.Qe6 Rf8 60.Kd3 Nh5  1-0

[Event "Tatry Open"]
[Site "Tatranske Zruby CZE"]
[Date "2010.10.09"]
[Round "9"]
[White "Motuz,K"]
[Black "Murin,P"]
[Result "1-0"]
[WhiteElo "2244"]
[BlackElo "2035"]

1.d4 Nf6 2.Nf3 e6 3.c4 Bb4+ 4.Nc3 Bxc3+ 5.bxc3 d6 6.Bg5 Nbd7 7.e3 b6 8.Bd3 Bb7
9.O-O O-O 10.Nd2 h6 11.Bh4 Qe8 12.f4 d5 13.Qc2 c5 14.Rae1 Qc8 15.f5 Qc6 16.e4 cxd4
17.cxd4 dxc4 18.Nxc4 b5 19.Na5 Qxc2 20.Bxc2 Ba6 21.fxe6 fxe6 22.Bb3 Rfe8
23.Rc1 Rac8 24.e5 Nd5 25.Bxd5 exd5 26.Nc6 g5 27.Bg3 b4 28.Rfe1 Re6 29.Nxb4 Rxc1
30.Rxc1 Bc4 31.a3 a5 32.Nc2 Nb6 33.Be1 a4 34.Ne3 Kg7 35.Ba5 Nc8 36.Kf2 Ne7
37.Nxc4 Rc6 38.Rb1 dxc4 39.Rb7 Kf7 40.Bb4 Re6 41.Ke3  1-0

[Event "I Memorial Oliver Gonzalez"]
[Site "Madrid ESP"]
[Date "2010.10.11"]
[Round "3"]
[White "Rodriguez Vignote,J"]
[Black "Vazquez Torres,A"]
[Result "0-1"]
[WhiteElo "1910"]
[BlackElo "2160"]

1.d4 Nf6 2.Nf3 e6 3.c4 Bb4+ 4.Nc3 b6 5.Bg5 Bb7 6.e3 h6 7.Bh4 O-O 8.Be2 d5
9.cxd5 exd5 10.Rc1 Nbd7 11.a3 Be7 12.h3 Ne4 13.Bxe7 Qxe7 14.O-O Rad8 15.Qc2 c5
16.Rfe1 f5 17.Bf1 Qf6 18.Ne2 g5 19.g3 Ba6 20.Red1 Qe6 21.dxc5 bxc5 22.Nc3 Bxf1
23.Rxf1 Ndf6 24.Kg2 d4 25.exd4 cxd4 26.Nb5 d3 27.Qc4 Qxc4 28.Rxc4 d2 29.Rd4 a6
30.Nc3 g4  0-1

[Event "I Memorial Oliver Gonzalez"]
[Site "Madrid ESP"]
[Date "2010.10.13"]
[Round "5"]
[White "Almeida Quintana,O"]
[Black "Almagro Llamas,P"]
[Result "1/2-1/2"]
[WhiteElo "2559"]
[BlackElo "2451"]

1.d4 Nf6 2.c4 e6 3.Nf3 Bb4+ 4.Nc3 c5 5.g3 O-O 6.Bg2 cxd4 7.Nxd4 d5 8.cxd5 Nxd5
9.Bd2 Nxc3 10.bxc3 Bc5 11.Be3 Qe7 12.Qb3 Na6 13.O-O Rb8 14.Nc2 Bxe3 15.Nxe3 b6
16.Rfd1 Nc5 17.Qa3 Ba6 18.Bf3 Bb5 19.Rab1 a6 20.Rd4 Rfc8 21.Rdb4 Qc7 22.c4 Be8
23.Rd1  1/2-1/2

[Event "Lichtenrader Herbst"]
[Site "Berlin GER"]
[Date "2010.10.17"]
[Round "2"]
[White "Richter,Mic"]
[Black "Krefenstein,Sergej"]
[Result "1-0"]
[WhiteElo "2459"]
[BlackElo "2009"]

1.d4 e6 2.c4 Nf6 3.Nc3 Bb4 4.Nf3 b6 5.Qb3 Bxc3+ 6.Qxc3 Bb7 7.g3 d6 8.Bg2 Nbd7
9.O-O Ne4 10.Qc2 f5 11.Ng5 Nxg5 12.Bxb7 Rb8 13.Bc6 h6 14.f4 Nh7 15.d5 O-O
16.dxe6 Nc5 17.e4 Nxe4 18.Bxe4 fxe4 19.Qxe4 Nf6 20.Qg6 Qe8 21.Qxe8 Rbxe8
22.f5 Kh7 23.b3 g6 24.Bb2 gxf5 25.Rxf5 Rxe6 26.Raf1 Kg6 27.g4 a5 28.h4  1-0

[Event "3rd Pearl Spring"]
[Site "Nanjing CHN"]
[Date "2010.10.21"]
[Round "2"]
[White "Bacrot,E"]
[Black "Topalov,V"]
[Result "1/2-1/2"]
[WhiteElo "2716"]
[BlackElo "2803"]

1.d4 Nf6 2.c4 e6 3.Nc3 Bb4 4.Nf3 b6 5.Bg5 h6 6.Bh4 g5 7.Bg3 Ne4 8.Qc2 Bb7
9.e3 Bxc3+ 10.bxc3 d6 11.Bd3 f5 12.d5 Na6 13.Nd4 Nac5 14.O-O Qe7 15.f3 Nxd3
16.Qxd3 Nc5 17.Qc2 O-O 18.dxe6 Qh7 19.e4 f4 20.Bf2 Rae8 21.a4 g4 22.fxg4 Bxe4
23.Qd2 Qg6 24.h3 h5 25.Bh4 Nxe6 26.Nxe6 Qxe6 27.Rxf4 Rxf4 28.Qxf4 hxg4 29.Re1 Qg6
30.hxg4 Bc6 31.Rxe8+ Bxe8 32.Bd8 Qb1+ 33.Qf1 Qxf1+ 34.Kxf1 Bxa4 35.Bxc7 Bb3
36.Bxd6 Bxc4+  1/2-1/2

[Event "Lichtenrader Herbst"]
[Site "Berlin GER"]
[Date "2010.10.22"]
[Round "7"]
[White "Graf,A"]
[Black "Kachibadze,Ge"]
[Result "1-0"]
[WhiteElo "2606"]
[BlackElo "2272"]

1.d4 Nf6 2.c4 e6 3.Nc3 Bb4 4.Nf3 b6 5.Bg5 Bb7 6.e3 Bxc3+ 7.bxc3 d6 8.Bd3 Nbd7
9.O-O h6 10.Bh4 Qe7 11.Nd2 g5 12.Bg3 h5 13.f3 h4 14.Bf2 O-O-O 15.a4 a5 16.e4 Nh5
17.c5 dxc5 18.Rb1 Nf4 19.Bb5 e5 20.d5 Nf6 21.Re1 g4 22.fxg4 h3 23.g3 Ng2
24.Rf1 Nxd5 25.exd5 e4 26.Re1 Nxe1 27.Qxe1 Rxd5 28.Be3 Rhd8 29.Rb2 Qf6 30.Rc2 Rd3
31.Qf2 Qd6 32.Nf1 Rd1 33.g5 Bd5 34.Be2 Ra1 35.Rd2 Qe7 36.Qf5+ Qe6 37.Ba6+ Kb8
38.Qxe6 fxe6 39.c4 Rxa4 40.Bf4 Ra1 41.cxd5 exd5 42.g6 Ka7 43.Bxc7 Rg8 44.Be5 Rc1
45.Bb5 d4 46.Rf2 Rxg6 47.Rf7+ Ka8 48.Ba6 e3 49.Bb7+ Ka7 50.Bc8+ Ka8 51.Bf5  1-0

[Event "WY Boys-U16"]
[Site "Porto Carras GRE"]
[Date "2010.10.23"]
[Round "4.13"]
[White "Hasenohr,B"]
[Black "Cori,J"]
[Result "1-0"]
[WhiteElo "2181"]
[BlackElo "2496"]

1.Nf3 Nf6 2.d4 e6 3.c4 Bb4+ 4.Nc3 O-O 5.Qc2 b6 6.e4 d5 7.e5 Ne4 8.a3 Bxc3+
9.bxc3 Bb7 10.Bd3 Nd7 11.cxd5 exd5 12.O-O c5 13.Nd2 cxd4 14.cxd4 Rc8 15.Qb1 Qh4
16.f4 f5 17.Nxe4 fxe4 18.Bb5 Nb8 19.Qb3 Qd8 20.Re1 Kh8 21.Be2 Nc6 22.Rd1 Na5
23.Qh3 Rc2 24.Bg4 Qc7 25.Bf5 h6 26.e6 Bc8 27.a4 Nc4 28.Bg4 Qe7 29.f5 Qf6
30.Qb3 Qh4 31.Qxc2 Qxg4 32.e7 Re8 33.h3 Qxf5 34.Rf1 Qd7 35.Rf8+ Kh7 36.Ba3 Bb7
37.Rxe8 Qxe8 38.Qf2 Bc8 39.Qf8 Bd7 40.Rf1 Kg6 41.Bc1 Nd6 42.Bxh6 Kxh6 43.Rf6+  1-0

[Event "USCL"]
[Site "ICC INT"]
[Date "2010.10.25"]
[Round "10"]
[White "Jones,Cr"]
[Black "Dehmelt,K"]
[Result "1/2-1/2"]
[WhiteElo "2241"]
[BlackElo "2285"]

1.d4 Nf6 2.c4 e6 3.Nc3 Bb4 4.Nf3 c5 5.g3 O-O 6.Bg2 Qe7 7.O-O Bxc3 8.bxc3 d6
9.Bf4 Rd8 10.Qc2 Nc6 11.Rfd1 cxd4 12.cxd4 Bd7 13.c5 dxc5 14.Qxc5 b6 15.Qxe7 Nxe7
16.Ne5 Rac8 17.Nxd7 Rxd7 18.Rac1 Rxc1 19.Bxc1 e5 20.Bb2 h5 21.e4 exd4 22.Rxd4 Rxd4
23.Bxd4 Nd7 24.e5 h4 25.f4 hxg3 26.hxg3 g6 27.g4 Kf8 28.Kf2 Ke8 29.Kg3 Nf8
30.Be4 Ne6 31.Be3 Kd7 32.f5 gxf5 33.gxf5 Nc7 34.Kh4 Ned5 35.Bd2 Ke7 36.Kh5 a5
37.Kh6 f6 38.Kg7 fxe5 39.Bg5+ Kd6 40.f6 Ne6+ 41.Kg6  1/2-1/2

[Event "WY Boys-U18"]
[Site "Porto Carras GRE"]
[Date "2010.10.27"]
[Round "8.7"]
[White "Sethuraman,S"]
[Black "Terry,R"]
[Result "1/2-1/2"]
[WhiteElo "2535"]
[BlackElo "2434"]

1.d4 e6 2.Nf3 Nf6 3.c4 Bb4+ 4.Nc3 b6 5.Bg5 Bb7 6.Nd2 h6 7.Bh4 Nc6 8.e3 Ne7
9.f3 Nf5 10.Bf2 c5 11.Bd3 O-O 12.d5 Ne7 13.e4 Ng6 14.Qc2 d6 15.g3 a6 16.a3 Ba5
17.O-O exd5 18.cxd5 b5 19.b3 Ne5 20.Be2 Rc8 21.a4 c4 22.bxc4 Nxc4 23.Nxc4 bxc4
24.Rab1 Ba8 25.Nd1 Nd7 26.Ne3 Bb6 27.Nxc4 Bxf2+ 28.Rxf2 f5 29.exf5 Qc7 30.Rc1 Bxd5
31.Ne3 Qb7 32.Qd2 Rxc1+ 33.Qxc1 Bf7 34.Qd2 Qc6 35.a5  1/2-1/2

[Event "Unive Open"]
[Site "Hoogeveen NED"]
[Date "2010.10.29"]
[Round "8"]
[White "Hovenga,A"]
[Black "Sekandar,K"]
[Result "1-0"]
[WhiteElo "2176"]
[BlackElo "1877"]

1.d4 Nf6 2.c4 e6 3.Nc3 Bb4 4.Nf3 b6 5.Qb3 c5 6.Bg5 h6 7.Bh4 Nc6 8.d5 Na5
9.Qc2 Nxc4 10.O-O-O Ba6 11.e4 Qc8 12.d6 Qb7 13.Bd3 O-O-O 14.Nb1 Na5 15.Ne5 g5
16.Bg3 Bxd3 17.Rxd3 Nxe4 18.a3 Nxg3 19.hxg3 Qxg2 20.Rhd1 Bxa3 21.Rxa3 Rdf8
22.b4 Nc6 23.Nxc6 Qxc6 24.Rxa7 Kb8 25.Rc7 Qb5 26.Qa2  1-0

[Event "Chigorin Mem Classic Open"]
[Site "St Petersburg RUS"]
[Date "2010.10.29"]
[Round "2"]
[White "Tarasova,Viktoriy"]
[Black "Zvjaginsev,V"]
[Result "0-1"]
[WhiteElo "2298"]
[BlackElo "2664"]

1.d4 Nf6 2.c4 e6 3.Nc3 Bb4 4.Nf3 Nc6 5.Bg5 h6 6.Bh4 g5 7.Bg3 Ne4 8.Rc1 d5
9.cxd5 exd5 10.Ne5 Nxe5 11.Bxe5 Bxc3+ 12.bxc3 f6 13.Bg3 h5 14.h3 Nxg3 15.fxg3 Qd6
16.Qd3 Be6 17.Qf3 O-O-O 18.e3 Qa3 19.Rc2 Bd7 20.Kf2 Ba4 21.Qf5+ Kb8 22.Rd2 Qxc3
23.Qd3 Qc1 24.Rg1 Bb5 25.Qc2 Qxc2 26.Rxc2 a6 27.Rb2 c6 28.Be2 Kc7 29.Rc1 Ra8
30.Rcb1 Rab8 31.Rf1 Rbe8 32.Rfb1 b6 33.Rc1 Kd7 34.Bxb5 cxb5 35.a4 Rc8 36.Rcb1 Rc3
37.axb5 a5 38.Re2 Re8 39.Kf3 Re4 40.Kf2 Kd6 41.Rd1 f5 42.Rde1 a4 43.Rd1 a3
44.Rde1 f4 45.exf4 gxf4 46.g4 hxg4 47.hxg4 Rb3 48.g5 Rxe2+  0-1

[Event "11th Liberec Open"]
[Site "Liberec CZE"]
[Date "2010.10.30"]
[Round "9"]
[White "Berger,Volkmar"]
[Black "Fales,A"]
[Result "0-1"]
[WhiteElo "1827"]
[BlackElo "2021"]

1.d4 Nf6 2.c4 e6 3.Nc3 Bb4 4.Nf3 Nc6 5.a3 Bxc3+ 6.bxc3 O-O 7.Bg5 h6 8.Bh4 d6
9.Qc2 Qe7 10.e3 e5 11.Bd3 Re8 12.e4 Bg4 13.h3 Bxf3 14.gxf3 exd4 15.f4 Qe6
16.f5 Qe5 17.Bxf6 Qxf6 18.O-O-O dxc3 19.Kb1 a6 20.Rdg1 b5 21.Rg3 b4 22.Be2 Nd4
23.Qd3 c2+ 24.Kc1 Nxe2+ 25.Qxe2 Qa1+ 26.Kxc2 Qxh1 27.Qg4 Qxe4+  0-1

[Event "16th Venetian Chess Autumn"]
[Site "Venice ITA"]
[Date "2010.10.30"]
[Round "1.28"]
[White "Cavalleri,Giuseppe"]
[Black "Cedriano,F"]
[Result "0-1"]
[WhiteElo "1820"]
[BlackElo "2006"]

1.d4 e6 2.c4 Nf6 3.Nf3 Bb4+ 4.Nc3 O-O 5.Bg5 h6 6.Bd2 d6 7.e3 Nc6 8.Be2 e5
9.d5 Ne7 10.O-O Ng6 11.h3 Bd7 12.Qc2 Re8 13.e4 Bxc3 14.Bxc3 Nf4 15.Rfe1 Nh7
16.Bf1 Qf6 17.Re3 Qg6 18.Kh2 Qh5 19.Ng1 Ng5 20.Rg3 Rf8 21.Be2 Nxe2 22.Qxe2 Qxe2
23.Nxe2 Nxe4 24.Rf3 Nxc3 25.Nxc3 f5 26.g3 g5 27.Kg2 Kg7 28.b4 a5 29.Rb1 axb4
30.Rxb4 b6 31.Re3 f4 32.Rd3 Bf5 33.Rd2 Rf7 34.g4 Bg6 35.f3 Ra3 36.Rb3 Rxb3
37.axb3 Re7 38.Ne4 Bxe4 39.fxe4 Re8 40.Ra2 Kf7 41.Ra7 Rc8 42.Kf3 Ke8 43.b4 Kd8
44.Ra6 Rb8 45.Ke2 Kc8 46.Kd3 Kb7 47.b5 h5 48.Ra1 hxg4 49.hxg4 Rh8 50.Rg1 Rh3+
51.Kd2 Rh2+ 52.Kd3 Rh3+ 53.Kd2 Re3 54.Rg2 Rxe4 55.Rh2 f3 56.Rf2 Rxg4 57.Rxf3 Rxc4
58.Rg3 g4 59.Kd3 Rd4+ 60.Ke3 Rxd5 61.Rxg4 Rxb5 62.Rg7 Kc6 63.Kd3 Rc5 64.Rg5 b5
65.Rg8 Kd5  0-1

[Event "Chigorin Mem Classic Open"]
[Site "St Petersburg RUS"]
[Date "2010.11.02"]
[Round "6"]
[White "Tarasova,Viktoriy"]
[Black "Tunik,G"]
[Result "1/2-1/2"]
[WhiteElo "2298"]
[BlackElo "2457"]

1.d4 Nf6 2.c4 e6 3.Nc3 Bb4 4.Nf3 b6 5.Bg5 Bb7 6.Nd2 h6 7.Bh4 c5 8.a3 Bxc3
9.bxc3 d6 10.f3 Nbd7 11.e4 e5 12.d5 Nf8 13.Bf2 Bc8 14.Bd3 g5 15.Nf1 Ng6 16.g3 Bh3
17.Ne3 Ne7 18.a4 a5 19.Rb1 Rb8 20.Bf1 Bxf1 21.Kxf1 h5 22.h3 Kf8 23.Kg2 Ne8
24.Qc2 Ng7 25.Rb5 Nc8 26.Rb2 Rb7 27.Rhb1 Kg8 28.Rh1 Rd7 29.Rb5 Ra7 30.Rb2  1/2-1/2

[Event "TCh-CHN"]
[Site "Beijing CHN"]
[Date "2010.11.04"]
[Round "18"]
[White "Zhou Jianchao"]
[Black "Xu Jun"]
[Result "1/2-1/2"]
[WhiteElo "2650"]
[BlackElo "2513"]

1.d4 Nf6 2.c4 e6 3.Nc3 Bb4 4.Nf3 b6 5.Bg5 h6 6.Bh4 g5 7.Bg3 Ne4 8.Qc2 Bb7
9.Nd2 Bxc3 10.bxc3 Nxd2 11.Qxd2 d6 12.f3 Nd7 13.e4 Qe7 14.c5 bxc5 15.Rb1 Rb8
16.h4 O-O 17.hxg5 hxg5 18.e5 dxe5 19.dxe5 Rfd8 20.Rh5 Nf8 21.Rxg5+ Ng6 22.Qe3 Qd7
23.Bc4 Bc6 24.Rxb8 Qd1+ 25.Kf2 Rxb8 26.Bb3 Qb1 27.Bh4 c4 28.Bxc4 Rb2+ 29.Kg3 Bb5
30.Qd4 Bxc4 31.Qd8+ Kg7 32.Qf6+ Kg8 33.Qd8+ Kg7 34.Qf6+ Kg8 35.Qd8+ Kg7 36.Rg4 Qe1+
37.Kh2 Qxe5+  1/2-1/2

[Event "TCh-CZE 2010-11"]
[Site "Frydek Mistek CZE"]
[Date "2010.11.06"]
[Round "1.4"]
[White "Rojicek,V"]
[Black "Jedynak,R"]
[Result "0-1"]
[WhiteElo "2422"]
[BlackElo "2479"]

1.d4 e6 2.c4 Nf6 3.Nc3 Bb4 4.Nf3 b6 5.Bg5 h6 6.Bh4 Bb7 7.e3 g5 8.Bg3 Ne4
9.Qc2 Bxc3+ 10.bxc3 d6 11.Bd3 Nxg3 12.hxg3 Nd7 13.a4 a5 14.Be4 Bxe4 15.Qxe4 Ke7
16.Rb1 Qg8 17.O-O Rc8 18.c5 bxc5 19.Rb7 d5 20.Qc2 Qg6 21.Qc1 g4 22.Ne5 Nxe5
23.dxe5 Qe4 24.Qa3 Qxe5 25.Qxc5+ Kf6 26.Qxa5 h5 27.Qc5 h4 28.Rb4 Qd6 29.Qxd6 cxd6
30.Rxg4 hxg3 31.fxg3+ Ke5 32.Rxf7 Rxc3 33.Rff4 Rh5 34.Kf2 Ra3 35.Rg8 Rf5
36.Rf8 Rxf8 37.Rxf8 Rxa4 38.Rf4 d4 39.exd4+ Rxd4 40.Ke3 Rd1 41.Ra4 d5 42.g4 d4+
43.Kf2 Rd2+ 44.Kf3 Rd3+ 45.Kf2 Kf4 46.Ra5 Rg3 47.Ra6 Re3 48.Rd6 e5 49.Rg6 d3
50.Rf6+ Ke4 51.Rf3 Re2+ 52.Kf1 Rc2 53.g5 Rc1+  0-1

[Event "TCh-SWE Elitserien 2010-11"]
[Site "Sweden SWE"]
[Date "2010.11.14"]
[Round "5"]
[White "Tikkanen,H"]
[Black "Arnelind,M"]
[Result "1-0"]
[WhiteElo "2507"]
[BlackElo "2192"]

1.d4 Nf6 2.c4 e6 3.Nc3 Bb4 4.Nf3 c5 5.g3 Nc6 6.Bg2 Ne4 7.Bd2 Nxd2 8.Qxd2 cxd4
9.Nxd4 Qb6 10.Nb3 O-O 11.O-O Na5 12.Na4 Nxb3 13.axb3 Qa5 14.Qd4 e5 15.Qe3 Bd2
16.Qe4 Qc7 17.Rfd1 Bg5 18.Nc3 f6 19.Nb5 Qb8 20.Nd6 Qc7 21.f4 Qc5+ 22.Kh1 f5
23.Qd5+ Qxd5 24.Bxd5+ Kh8 25.fxg5  1-0

[Event "Cultural Village"]
[Site "Wijk aan Zee NED"]
[Date "2010.11.17"]
[Round "3"]
[White "Swiercz,D"]
[Black "Plukkel,S"]
[Result "1/2-1/2"]
[WhiteElo "2522"]
[BlackElo "2274"]

1.d4 e6 2.Nf3 Nf6 3.c4 Bb4+ 4.Nc3 O-O 5.e3 d6 6.Bd3 Bxc3+ 7.bxc3 Nbd7 8.O-O b6
9.e4 e5 10.Nd2 Re8 11.Re1 Nf8 12.Nf1 Ne6 13.Bc2 c5 14.dxe5 dxe5 15.Ne3 Qxd1
16.Rxd1 Ba6 17.f3 Red8 18.Bb2 Rxd1+ 19.Rxd1 Rd8 20.Re1 Ne8 21.Bc1 Nd6 22.Bd3 Nb7
23.Bf1 Na5 24.g3 Nc7 25.f4 exf4 26.gxf4 Ne6 27.f5 Ng5 28.Bg2 f6 29.e5 fxe5
30.h4 Nf7 31.Bd5 Bb7 32.Be6 Rd3 33.Kf2 Kf8 34.Ke2 e4 35.Rg1 Nd8 36.h5 Rd6
37.h6 Nxe6 38.fxe6 gxh6 39.e7+ Kxe7 40.Nf5+ Ke6 41.Nxd6 Kxd6 42.Rg7 Ba6 43.Kf2 Bxc4
44.a3 a6 45.Rxh7 Kc6 46.Rxh6+ Kb5 47.a4+ Kxa4 48.Rxb6 Bb5 49.Be3 Nb3 50.Ke1 Ka3
51.Kd1 Bd3 52.Rc6 a5 53.Bxc5+ Kb2 54.Be7 e3 55.Bf6 e2+ 56.Ke1 Kc2 57.c4 Nd2
58.Re6 Bxc4 59.Re3 Bd3 60.Be7 a4 61.Bb4 Nc4 62.Re8 a3 63.Bxa3 Nxa3 64.Rxe2+ Bxe2
65.Kxe2  1/2-1/2

[Event "16th Asian Games Team Women"]
[Site "Guangzhou CHN"]
[Date "2010.11.20"]
[Round "3"]
[White "Karavade,E"]
[Black "Zhao Xue"]
[Result "1/2-1/2"]
[WhiteElo "2369"]
[BlackElo "2474"]

1.d4 Nf6 2.c4 e6 3.Nc3 Bb4 4.Nf3 c5 5.g3 cxd4 6.Nxd4 Ne4 7.Qd3 Bxc3+ 8.bxc3 Nc5
9.Qe3 d6 10.Bg2 O-O 11.O-O e5 12.Nb3 Qc7 13.Ba3 Nba6 14.Rfd1 Be6 15.Bd5 Rae8
16.Bxc5 dxc5 17.Bxe6 Rxe6 18.Rd5 b6 19.Rad1 Nb8 20.Nd2 f5 21.Nf3 Rfe8 22.Qd2 h6
23.Rd8 Qf7 24.Qd5 Nc6 25.Rxe8+ Qxe8 26.e4 fxe4 27.Qxe4 Qg6 28.Qxg6 Rxg6 29.Rd5 Re6
30.Nd2 e4 31.Nf1 Kf7 32.Ne3 Re5 33.Rd7+ Re7 34.Rxe7+ Kxe7 35.Nf1 Ke6 36.Nd2 Ke5
37.Kf1 g5 38.h3 Ne7 39.Ke2 Nf5 40.Nf1 h5 41.Ne3 Nd6 42.Kd2 Ke6 43.Ke2 Kf6
44.Nd5+ Ke5 45.Ne3 Ke6 46.Ke1 Nf7 47.Nf1 Kf5 48.Ke2 Ke5 49.Nd2 Nd6 50.Ke1 e3
51.fxe3 Ne4 52.Nxe4 Kxe4 53.Ke2 g4 54.h4 a6 55.a3 a5 56.a4 Kf5 57.Kd3 Ke5
58.e4 Kf6 59.Ke3 Ke5 60.Kd3 Kf6 61.Ke3 Ke5 62.Kd3  1/2-1/2

[Event "16th Asian Games Team Women"]
[Site "Guangzhou CHN"]
[Date "2010.11.20"]
[Round "3"]
[White "Huang Qian"]
[Black "Mohota,N"]
[Result "1/2-1/2"]
[WhiteElo "2402"]
[BlackElo "2325"]

1.d4 Nf6 2.c4 e6 3.Nc3 Bb4 4.Nf3 d5 5.cxd5 exd5 6.Qa4+ Nc6 7.Bg5 h6 8.Bxf6 Qxf6
9.e3 O-O 10.Be2 a6 11.O-O Be6 12.Rac1 Bd6 13.Qc2 Rfd8 14.Na4 Ne7 15.Nc5 Bc8
16.Bd3 b6 17.e4 Bf4 18.e5 Qc6 19.Nb3 Bxc1 20.Rxc1 Qxc2 21.Rxc2 Ra7 22.Ne1 Bd7
23.f4 a5 24.Rc1 Rc8 25.Kf2 a4 26.Nd2 c5 27.a3 Rac7 28.Rc3 cxd4 29.Rxc7 Rxc7
30.Ndf3 Nc6 31.Nc2 Na5 32.Nfxd4 Nc4 33.Bxc4 Rxc4 34.Ke3 g6 35.Nb4 Be6 36.Na2 Kf8
37.Nc3 Ke7 38.g3 h5 39.h3 f6 40.h4 Bf7 41.Nce2 b5 42.Kd3 fxe5 43.fxe5 Be8
44.Nf4 Rc5 45.Nde2 Bf7 46.Nd4 Be8 47.Kd2 Kd7 48.Kd3 Kc8 49.Kd2 Kb7 50.Kd3 Ka6
51.Nfe6 Rc4 52.Nf4 Rc5 53.Nfe6 Rc4 54.Nf4 Rc5 55.Nfe6 Rc4 56.Nf4  1/2-1/2

[Event "TCh-NED"]
[Site "Netherlands NED"]
[Date "2010.11.20"]
[Round "3.1"]
[White "L'Ami,E"]
[Black "Wantola,I"]
[Result "1-0"]
[WhiteElo "2624"]
[BlackElo "2301"]

1.d4 Nf6 2.c4 e6 3.Nf3 Bb4+ 4.Nc3 d5 5.Bg5 c5 6.cxd5 exd5 7.e3 Nbd7 8.Qc2 Qa5
9.Bd3 c4 10.Bf5 O-O 11.O-O g6 12.Bxd7 Nxd7 13.e4 Bxc3 14.bxc3 dxe4 15.Qxe4 f6
16.Bh6 Rf7 17.d5 Qxc3 18.Qe8+ Nf8 19.d6 Qa3 20.Rad1 Bg4 21.Qxa8 Bxf3 22.d7  1-0

[Event "16th Asian Games Team Women"]
[Site "Guangzhou CHN"]
[Date "2010.11.22"]
[Round "5.12"]
[White "Nodirjanova,N"]
[Black "Ghader Pour,S"]
[Result "1/2-1/2"]
[WhiteElo "2149"]
[BlackElo "2208"]

1.d4 Nf6 2.c4 e6 3.Nc3 Bb4 4.Nf3 c5 5.g3 cxd4 6.Nxd4 Ne4 7.Qd3 Bxc3+ 8.bxc3 Nc5
9.Qe3 d6 10.Bg2 e5 11.Nb3 Nba6 12.O-O Be6 13.Ba3 Qc7 14.Bxc5 Nxc5 15.Nxc5 dxc5
16.Rab1 Rb8 17.Bd5 Bxd5 18.cxd5 O-O 19.Rfd1 Rbd8 20.c4 Rfe8 21.Qb3 b6 22.e4 Rd6
23.Rd3 Qd7 24.Qd1 Qh3 25.Qf1 Qxf1+ 26.Kxf1 Kf8 27.Ra3 Rd7 28.Ra6 Ke7 29.a4 Rb7
30.Ra5 Reb8 31.Rab5 a5 32.f4 Kd6 33.Kf2 f6 34.Ke3 Ke7 35.h4 h5 36.fxe5 fxe5
37.Rf1 g6 38.Rb2 Rf8 39.d6+ Ke8 40.Rbf2 Rxf2 41.Rxf2 Rf7 42.Rb2 Rb7 43.Rd2 Kd7
44.g4 hxg4 45.Rg2 Kxd6 46.Rxg4 Rg7 47.Rg2 Ke6 48.h5 g5 49.h6 Rh7 50.Rb2  1/2-1/2

[Event "16th Asian Games Team Final Women"]
[Site "Guangzhou CHN"]
[Date "2010.11.25"]
[Round "1"]
[White "Nodirjanova,N"]
[Black "Mohota,N"]
[Result "1-0"]
[WhiteElo "2149"]
[BlackElo "2325"]

1.d4 Nf6 2.c4 e6 3.Nc3 Bb4 4.Nf3 d5 5.cxd5 exd5 6.Bg5 Nbd7 7.Nd2 Be7 8.e3 O-O
9.Qc2 h6 10.Bh4 c5 11.Nf3 c4 12.Be2 b6 13.O-O Bb7 14.b3 cxb3 15.Qxb3 Rc8
16.Rac1 Ne4 17.Bxe7 Qxe7 18.Bd3 Ndf6 19.h3 Nxc3 20.Rxc3 Rxc3 21.Qxc3 Rc8
22.Qb2 Qc7 23.Qa3 g6 24.Ba6 Bxa6 25.Qxa6 Ne4 26.Ne5 Kg7 27.Qb5 Nc3 28.Qb2 f6
29.Nd3 Qc4 30.Nf4 g5 31.Nh5+ Kg6 32.g4 Qxa2 33.Qb4 Ne2+ 34.Kg2 Qc2 35.Qd6 Qc6
36.Qe7 Rg8 37.Qxa7 Qe6 38.Qa2 Nc3 39.Qb3 Rc8 40.Ra1 Qe4+ 41.Kh2 Qf3 42.Qc2+ Ne4
43.Ra7 Rg8 44.Ra2 b5 45.Rb2 b4 46.Ng3 Rb8 47.Nf5 h5 48.Qc7 hxg4 49.Ne7+ Kh6
50.Qxb8 Qxh3+ 51.Kg1 Kg7 52.Qg8+  1-0

[Event "Moscow TCh-Student Final"]
[Site "Moscow RUS"]
[Date "2010.11.28"]
[Round "1"]
[White "Kravchenko,Vl1"]
[Black "Yaitskiy,Aleksander"]
[Result "1-0"]
[WhiteElo "2444"]
[BlackElo "2099"]

1.d4 Nf6 2.c4 e6 3.Nc3 Bb4 4.Nf3 b6 5.Qb3 Bxc3+ 6.Qxc3 Ne4 7.Qc2 Bb7 8.g3 O-O
9.Bg2 f5 10.O-O d5 11.cxd5 Bxd5 12.Bf4 Nc6 13.h4 Rc8 14.a3 Na5 15.b4 Nc4
16.Ne5 Nxe5 17.Bxe5 c5 18.dxc5 bxc5 19.b5 Qa5 20.f3 Qd2 21.Qc1 Qxc1 22.Raxc1 Nd2
23.Rfd1 Nc4 24.e4 Nxe5 25.exd5 c4 26.dxe6 f4 27.e7 Rfe8 28.Bh3 Rc7 29.gxf4 Nxf3+
30.Kf2 Nxh4 31.Be6+ Kh8 32.Bf7 Rcxe7 33.Bxe8 Rxe8 34.Rxc4 h5 35.Rh1  1-0

[Event "WY U-16 Olympiad"]
[Site "Burdur TUR"]
[Date "2010.11.29"]
[Round "4"]
[White "Artemenko,O"]
[Black "Atabayev,Y"]
[Result "1-0"]
[WhiteElo "2195"]
[BlackElo "2295"]

1.d4 Nf6 2.c4 e6 3.Nc3 Bb4 4.Nf3 c5 5.g3 Nc6 6.Bg2 Ne4 7.Bd2 Bxc3 8.bxc3 f5
9.O-O O-O 10.Qc2 d6 11.Rfd1 Qe7 12.Rab1 Rb8 13.Be3 Na5 14.dxc5 Nxc5 15.Bxc5 dxc5
16.Ne5 b6 17.f4 Rd8 18.Rxd8+ Qxd8 19.Rd1 Qe8 20.e4 Ba6 21.exf5 Nxc4 22.Qe2 Qa4
23.Re1 Nd6 24.Qh5 Qxa2 25.fxe6 Qxe6 26.Qd1 Qh6 27.Qd5+  1-0

[Event "Vasylyshyn Memorial GM"]
[Site "Lviv UKR"]
[Date "2010.11.29"]
[Round "7"]
[White "Fedoseev,Vl3"]
[Black "Oleksienko,M"]
[Result "1/2-1/2"]
[WhiteElo "2477"]
[BlackElo "2559"]

1.d4 Nf6 2.c4 e6 3.Nc3 Bb4 4.Nf3 b6 5.g3 Ba6 6.Ne5 Bb7 7.f3 O-O 8.Qb3 Be7
9.Be3 d6 10.Nd3 Nc6 11.Qd1 Na5 12.b3 c5 13.dxc5 bxc5 14.Bh3 Nd7 15.O-O Bf6
16.Rc1 Qe7  1/2-1/2

[Event "Vasylyshyn Memorial IM"]
[Site "Lviv UKR"]
[Date "2010.11.30"]
[Round "8"]
[White "Huda,Mary"]
[Black "Leinov,R"]
[Result "1/2-1/2"]
[WhiteElo "2221"]
[BlackElo "2162"]

1.d4 Nf6 2.c4 e6 3.Nc3 Bb4 4.Nf3 c5 5.g3 Ne4 6.Bd2 Nxd2 7.Qxd2 cxd4 8.Nxd4 a6
9.Bg2 Qc7 10.a3 Be7 11.Rc1 O-O 12.O-O d6 13.Rfd1 Nd7 14.Ne4 Rd8 15.Rc3 Nf6
16.h3 Bd7 17.g4 Ba4 18.Rdc1 Rac8 19.g5 Nxe4 20.Bxe4 Be8 21.h4 g6 22.h5 Qc5
23.hxg6 hxg6 24.Nf3 Bc6 25.b4 Qb6 26.Qf4 Bxe4 27.Qxe4 a5 28.Qb1 axb4 29.axb4 Ra8
30.Kg2 Ra4 31.Rb3 Rc8 32.c5 Qd8 33.cxd6 Bxd6 34.Rd1 Qb6 35.Rd4 Bf8 36.Qe4 Qc6
37.Qxc6 bxc6 38.b5 cxb5 39.Rxb5 Rxd4  1/2-1/2

[Event "XXIII Belgrade Trophy"]
[Site "Obrenovac SRB"]
[Date "2010.11.30"]
[Round "7.82"]
[White "Dabovic,V"]
[Black "Mladenovic,A"]
[Result "1-0"]
[WhiteElo "1949"]
[BlackElo "1798"]

1.d4 Nf6 2.c4 e6 3.Nc3 Bb4 4.Nf3 O-O 5.a3 Bxc3+ 6.bxc3 d5 7.Bg5 c5 8.Qc2 b6
9.cxd5 exd5 10.e3 Nbd7 11.Bd3 h6 12.Bh4 Bb7 13.Bf5 Qe8 14.O-O Ne4 15.g4 g6
16.Bxe4 dxe4 17.Nd2 Qe6 18.h3 h5 19.Kg2 hxg4 20.hxg4 Qxg4+ 21.Bg3 Kg7 22.Rh1 Rh8
23.Qd1 Qg5 24.Qe2 Nf6 25.Rag1 Nh5 26.Nf1 f5 27.Rxh5 Rxh5 28.Nh2 cxd4 29.Qc4 Qe7
30.cxd4 Rc8 31.Qa4 Bd5 32.Be5+ Kh7 33.Nf1 Bc6 34.Qb3 Bd7 35.Ng3 Rh4 36.Ne2 Be6
37.d5 f4 38.exf4 Bh3+ 39.Kg3 Rg4+ 40.Kh2 Rxg1 41.Qxh3+  1-0

[Event "Channukah Closed"]
[Site "Haifa ISR"]
[Date "2010.12.02"]
[Round "2.1"]
[White "Zilberman,Y"]
[Black "Axelrod,A"]
[Result "0-1"]
[WhiteElo "2481"]
[BlackElo "2386"]

1.d4 Nf6 2.Nf3 e6 3.c4 Bb4+ 4.Nc3 O-O 5.Bg5 h6 6.Bh4 d6 7.e3 Nbd7 8.Be2 b6
9.O-O Bxc3 10.bxc3 g5 11.Bg3 Ne4 12.Rc1 f5 13.Nd2 Nxd2 14.Qxd2 Bb7 15.f3 e5
16.Bd3 Qe7 17.Qc2 Qe6 18.Rce1 Kh8 19.f4 gxf4 20.exf4 e4 21.Be2 Rg8 22.d5 Qg6
23.Qd1 Nf6 24.Qd4 Kh7 25.Bd1 Rg7 26.Rf2 Rag8 27.Bh4 Ng4 28.Rb2 Rf7 29.Kh1 Ba6
30.a3 Qg7 31.Qxg7+ Rgxg7 32.h3 Nf6 33.Be2 Nd7 34.Bf2 Nc5 35.Bxc5 dxc5 36.Kh2 Kg6
37.Bf1 h5 38.g3 h4 39.gxh4 Kh5 40.Rg2 Kxh4 41.Re3 Rxg2+ 42.Kxg2 Rg7+ 43.Kf2 Rg6
44.Be2 Bb7 45.Bd1 c6 46.Bb3 cxd5 47.cxd5 b5 48.c4 Ba6 49.cxb5 Bxb5 50.Rc3 c4
51.Bxc4 Bxc4 52.Rxc4 Kxh3 53.Rd4 Rd6 54.Ke3 Kg3 55.Rd1 Kg2 56.a4 a5 57.Kd4 Kf2
58.Ke5 Rd8 59.Kxf5 e3 60.Ke6 e2 61.Rd2 Re8+ 62.Kf5 Kf3 63.Rxe2 Rxe2 64.d6 Re4
65.d7 Rd4 66.Ke6 Kxf4 67.Ke7 Ke5  0-1